000 00662nam a2200289Ia 4500
005 20260324140154.0
008 008 260324s9999 xx 000 0 eng d
020 _a9780429502460
037 _aEBOOK
040 _aCRL
040 _beng
040 _cCRL
041 _2eng
041 _aeng
084 _qCRL
100 _aPatricia J Smith
_91203400
245 0 _aAfter The Wall
245 0 _bEastern Germany Since 1989
260 _bTaylor and Francis
260 _c1999
365 _a
365 _b230
856 _uhttp://www.taylorfrancis.com/books/9780429502460
942 _cEBOOK
999 _c1805173
_d1805173